000 00337nam a22001217a 4500
008 180515b xxu||||| |||| 00| 0 eng d
041 _aeng
080 _a043.3
100 _a0
101 _aSHKI-BA
245 _aVirtual Systems (VMware and Microsot Hyper-V) and their Impact in small and medium Bisnesses
_cKolgeci, Z
942 _2udc
_cBK
999 _c45792
_d45792